| 000 | 00596nam a22001937a 4500 | ||
|---|---|---|---|
| 005 | 20251108173001.0 | ||
| 008 | 250721s2005 xx 000 0 ara d | ||
| 082 | 1 | 4 | _a720.284/ محم |
| 100 | 1 | _aمحمد، أيمن سعدي | |
| 245 | 1 | 0 | _aالمخططات التنفيذية / |
| 246 | 1 | 1 | _aexecutive plane |
| 264 | 1 |
_aعمان : _bمكتبة المجتمع العربي للنشر، _c2005. |
|
| 300 | _a219ص. | ||
| 650 | 1 | 7 | _aالهندسة المعمارية |
| 650 | 1 | 7 | _aالتصميم الهندسي |
| 650 | 1 | 7 | _aالرسم الهندسي |
| 942 |
_2ddc _cBK |
||
| 999 |
_c93373 _d93373 |
||